02056nam a2200553 i 450000100060000000300090000600500170001500800390003201500180007103500230008903500360011203500140014803500210016203500230018303500440020604000280025004600090027808000100028708000100029708000120030724500610031926000330038030000530041333600270046633700540049333800280054738000160057538000230059138000270061438800140064138800140065550400440066952102220071365000250093565000330096065500300099365500190102365800310104270000470107370000380112070000470115870000440120571000280124985600980127794200120137599900170138795200490140495200490145325686KOSZ 00520200708092958.0200426s1973 pl a f 001 0 pol aUWD 1974/4276 a991030115769705066 a(PL-WaBN)b18123259-48omnis_nlop ab18123259 a(OCoLC)749405715 a(PL)b0000001812325 a(EXLNZ-48OMNIS_NETWORK)9910288641805606 aWA NcWA NdKOSZ 005/RW k1973 a627.8 a624.1 a(075.8)00aZapory ziemne /c[autorzy Kazimierz Czyżewski et al.]. aWarszawa :b"Arkady",c1973. a443, [1] strony :bilustracje, wykresy ;c25 cm. aTekstbtxt2rdacontent aBez urządzenia pośredniczącegobn2rdamedia aWoluminbnc2rdacarrier aKsiążki aPublikacje fachowe aPublikacje dydaktyczne a1901-2000 a1945-1989 aBibliografia przy rozdziałach. Indeks.8 aKsiążka jest podręcznikiem dla studentów wydziałów melioracji wyższych uczelni rolniczych, może być ponadto wykorzystana przez inżynierów i techników melioracji wodnych oraz budownictwa wodnego. 7aNasyp (budowla)2DBN 7aWały przeciwpowodziowe2DBN 7aPodręczniki akademickie 7aPraca zbiorowa aArchitektura i budownictwo1 aCzyżewski, Kazimierzd(1921-1982)eAutor1 aWolski, Wojciechd(1930- )eAutor1 aWójcicki, Stanisławd(1922-2009)eAutor1 aŻbikowski, Armandd(1910-1995)eAutor2 aWydawnictwo Arkady4pbl uhttp://koha.tu.koszalin.pl/cgi-bin/koha/opac-detail.pl?biblionumber=25686yKatalog online BPK 2UKDcKS c25686d25686 00104070aBPKbBPKcwo16605p01390834yKS 00104070aBPKbBPKcwo16606p01737059yKS